| 000 | 00686nam a2200205 a 4500 | ||
|---|---|---|---|
| 001 | 1579 | ||
| 003 | BR-CuiBMT | ||
| 005 | 20231215233031.0 | ||
| 008 | 231214s2012 toba 000 0 por d | ||
| 040 |
_aBR-CuiBMT _cBR-CuiBMT |
||
| 080 |
_22007 _a351.94:336.148 _x(811.7) |
||
| 090 |
_a351.94:336.148(811.7) _bT631t |
||
| 110 | 1 |
_aTocantins. _bTribunal de Contas. |
|
| 245 | 1 | 0 |
_aTCE Tocantins : _bconta sua história - 1989-2012 / _cTribunal de Contas do Estado do Tocantins. |
| 260 |
_aPalmas : _bTCE-TO, _c2012. |
||
| 300 |
_a77 p. : _bil. color. ; _c29 cm |
||
| 610 | 1 |
_aTocantins. _bTribunal de Contas |
|
| 650 |
_aTribunal de contas _vhistória _y1989-2012 _zTocantins |
||
| 942 |
_2udc _cLV |
||
| 999 |
_c1579 _d1579 |
||